000 00773nam a2200229 i 4500
001 99764
003 ES-MaACL
005 20231228062658.0
007 t|
008 050915s1977 sp ||||1| spa d
100 1 _aMartínez Gómez-Gordo, Juan Antonio.
_978129
245 1 0 _aMarañón, en mis recuerdos /
_cJuan Antonio Martínez Gómez-Gordo; prólogo Santiago Martínez-Fornés.
250 _a1ª ed.
260 _aSigüenza :
_b[s.n.],
_c1977 (
_fTip. Box)
300 _a136 p., 1 h. con 8 lám. ;
_c18 cm.
490 1 _aColección "Momentos"
600 1 4 _aMarañón, Gregorio,
_d1887-1960
_976311
700 1 _aMartínez-Fornés, Santiago.
_978090
830 0 _aColección "Momentos"
_9226738
852 _aES-MaACL
_jA-6861
_bR.95966
999 _c99764
_d99764